Cities of 2025/26 Champions League Teams - Statistics

General Stats
  • This quiz has been taken 28 times
    26 since last reset
  • The average score is 27 of 32
Answer Stats
Country City % Correct
Netherlands Amsterdam
100%
Spain Barcelona
100%
Portugal Lisbon
100%
England London
100%
Spain Madrid
100%
England Manchester
100%
Germany Munich
100%
Italy Naples
100%
France Paris
100%
Italy Turin
100%
England Liverpool
96%
France Marseille
96%
Spain Bilbao
92%
Denmark Copenhagen
92%
Germany Dortmund
92%
Turkey İstanbul
92%
Czechia Prague
92%
Kazakhstan Almaty
88%
Belgium Brussels
88%
Germany Frankfurt
88%
Greece Athens
84%
Netherlands Eindhoven
84%
Italy Milano
84%
England Newcastle
80%
Italy Bergamo
72%
Norway Bodo
72%
Germany Leverkusen
72%
France Monaco
72%
Cyprus Pafos
48%
Azerbaijan Qarabag
48%
Spain Villareal
40%
Belgium Saint-Gilloise
20%
No matching quizzes found
Score Distribution
Percent of People with Each Score
Percentile by Number Answered
Your Score History
You have not taken this quiz since the last reset